| 000 | 00544nam a2200217 a 4500 | ||
|---|---|---|---|
| 001 | 0001-2381 | ||
| 003 | ELIB.Books | ||
| 008 | 190913 2010 eng | ||
| 020 | _a9780743296885 | ||
| 092 |
_a248.4 _bOst |
||
| 100 | _aOsteen, Joel. | ||
| 245 | _aBecome a Better You | ||
| 260 |
_aNew York _bThe Free Press _c2007 |
||
| 300 |
_a379 _c23.5 cm |
||
| 650 | _aChristian Life | ||
| 856 |
_nKBTS Library _uKBTS Elib |
||
| 942 |
_2ddc _cBK |
||
| 990 | _a1 | ||
| 998 |
_aEnglishbooks.elf _ccat _e2019-09-13 |
||
| 999 |
_c12381 _d12381 |
||